000 00524nam a2200229Ia 4500
003 OSt
005 20221005132859.0
006 a|||||r|||| 00| 0
007 ta
008 221004b |||||||| |||| 00| 0 tam d
024 _a45459
037 _cTextual
040 _aCRL
_cCRL
_btam
041 _2tam
_atam
082 _aCN3, 31K3
100 _aNevel
_9641790
245 0 _aVanveli
260 _c1966
300 _a139p.
_ccm.
942 _hCN3, 31K3
_cTEXL
_2cc
999 _c1065105
_d1065105